Stručný kurs marketingu. 5.
Význam marketingových prieskumov zameraných na diferenciáciu trhu. Určenie špecifických charakteristík dopytu v jednotlivých segmentoch trhu. Určenie potenciálu každého segmentu trhu. Výber jednotlivých segmentov trhu. Prognóza predaja. Kvalitatívne metódy prognózovania. Význam ceny v marketingu. Zá...
Gespeichert in:
| Format: | Buchkapitel |
|---|---|
| Sprache: | Tschechisch |
| Schlagworte: | |
| Tags: |
Keine Tags, Fügen Sie das erste Tag hinzu!
|
MARC
| LEADER | 00000naa a2200000 4500 | ||
|---|---|---|---|
| 001 | r009791 | ||
| 005 | 20220831084725.0 | ||
| 041 | 0 | |a cze | |
| 044 | |a [CS] | ||
| 245 | 1 | 0 | |a Stručný kurs marketingu. 5. |
| 520 | |a Význam marketingových prieskumov zameraných na diferenciáciu trhu. Určenie špecifických charakteristík dopytu v jednotlivých segmentoch trhu. Určenie potenciálu každého segmentu trhu. Výber jednotlivých segmentov trhu. Prognóza predaja. Kvalitatívne metódy prognózovania. Význam ceny v marketingu. Základné spôsoby tvorby cien. Stratégia pre určenie cien výrobkov, ktoré už na trhu ponúka konkurencia. | ||
| 610 | 2 | 0 | |a marketing |
| 610 | 2 | 0 | |a prieskum trhu |
| 610 | 2 | 0 | |a dopyt |
| 610 | 2 | 0 | |a prognózy |
| 610 | 2 | 0 | |a predaj |
| 610 | 2 | 0 | |a metódy prognostické |
| 610 | 2 | 0 | |a ceny |
| 610 | 2 | 0 | |a tvorba cien |
| 610 | 2 | 0 | |a konkurencia |